000
00456nam a2200181Ia 4500
008
090124s9999 xx 000 0 und d
082
_b
122252
100
_a
शिरोडकर रजनी
245
_a
नकळत
250
_a
1
260
_c
1987
300
_a
214
600
_a
शिरोडकर रजनी
630
_a
नकळत
700
_a
शिरोडकर रजनी
730
_a
नकळत
942
_c
BOOK
999
_c
168338
_d
168338